000 01279nam0a22002771 4500
001 rc\562271
005 20260407080018.0
035 _a(NLR Aleph) 005797289
090 _a5259506
_c5259506
100 _a20030616d1987 |||y0rusy50 ca
101 0 _arus
102 _aRU
105 _aa |||||||||
200 1 _aКоличественные методы в почвенной зоологии
_f[Ю.Б. Бызова, М.С. Гиляров, В. Дунгер и др.]
_gОтв. ред. М.С. Гиляров, Б.Р. Стриганова
_gАН СССР, Ин-т эволюц. морфологии и экологии животных им. А.Н. Северцова
210 _aМ.
_cНаука
_d1987
215 _a287, [1] с.
_cил.
_d21
300 _aАвт. указаны на обороте тит. л.
320 _aБиблиогр.: с. 264-286
701 1 _aБызова
_bЮ.Б.
702 1 _aГиляров
_bМ.С.
_gМеркурий Сергеевич
_4340
712 0 2 _aИнститут эволюционной морфологии и экологии животных им. А. Н. Северцова
_cМосква
_3RU\NLR\AUTH\884586
_9280711
801 0 _aRU
_bNLR
_gpsbo
801 1 _aRU
_bELAR
_2rusmarc
852 _aNLR
_j87-3/1578
942 _cBOOK
980 _aNB